000 00445nam a2200217Ia 4500
003 IT-RoPAU
008 120407s9999 xx 000 0 und d
040 _aIT-RoPAU
040 _cIT-RoPAU
041 _aita
245 _aDirectory 1985
250 _aRoma
260 _aSan Callisto
260 _c1985
300 _a115 p.
300 _c21 cm
490 _v1
710 _aPont. Comm. Iustitia et Pax
942 _cBK
999 _c24522
_d24522